Institutional Economics of foreign Aid (Record no. 9361)

MARC details
000 -LEADER
fixed length control field 00528nam a22001937a 4500
003 - CONTROL NUMBER IDENTIFIER
control field OSt
005 - DATE AND TIME OF LATEST TRANSACTION
control field 20240906130222.0
008 - FIXED-LENGTH DATA ELEMENTS--GENERAL INFORMATION
fixed length control field 240906b |||||||| |||| 00| 0 eng d
020 ## - INTERNATIONAL STANDARD BOOK NUMBER
International Standard Book Number 0521808189
040 ## - CATALOGING SOURCE
Original cataloging agency DDC
Transcribing agency MUST
082 ## - DEWEY DECIMAL CLASSIFICATION NUMBER
Classification number 338.91 MAR,2008
100 ## - MAIN ENTRY--PERSONAL NAME
Personal name Martens Bertin
9 (RLIN) 19109
245 ## - TITLE STATEMENT
Title Institutional Economics of foreign Aid
260 ## - PUBLICATION, DISTRIBUTION, ETC. (IMPRINT)
Place of publication, distribution, etc. Newyork:
Name of publisher, distributor, etc. Cambridge University press,
Date of publication, distribution, etc. 2008
300 ## - PHYSICAL DESCRIPTION
Extent x,201p;
Other physical details ill
Dimensions 22.7cm
504 ## - BIBLIOGRAPHY, ETC. NOTE
Bibliography, etc includes indexes
650 ## - SUBJECT ADDED ENTRY--TOPICAL TERM
Topical term or geographic name as entry element ECONOMIC ASSISTANCE
9 (RLIN) 19110
942 ## - ADDED ENTRY ELEMENTS (KOHA)
Source of classification or shelving scheme Dewey Decimal Classification
Koha item type Book
Holdings
Withdrawn status Lost status Source of classification or shelving scheme Damaged status Not for loan Home library Current library Date acquired Source of acquisition Inventory number Total Checkouts Full call number Barcode Date last seen Price effective from Koha item type
    Dewey Decimal Classification     MUST Main Library MUST Main Library 06/09/2024   09/31875   338.91 MAR,2008 2024-22336 06/09/2024 06/09/2024 Book